|
|
|
|
| LEADER |
00000nam a2200000 a 4500 |
| 001 |
vtls001467419 |
| 003 |
SK-MaSNL |
| 005 |
20260301163518.0 |
| 008 |
240314s2001 xr a 0 cze |
| 020 |
|
|
|a 8024790297
|c 114,00 Sk
|
| 035 |
|
|
|a SNK000422724
|
| 040 |
|
|
|a SNK
|b slo
|c SNK
|e AACR2
|
| 044 |
|
|
|a CZ
|
| 072 |
|
7 |
|a 615
|x Farmácia. Farmakológia
|2 konspekt
|
| 080 |
|
|
|a 582.281.21
|2 1981
|
| 080 |
|
|
|a 632.952
|2 1981
|
| 080 |
|
|
|a 615.28
|2 1981
|
| 080 |
|
|
|a (035)
|2 1981
|
| 100 |
1 |
|
|a Paříková, Jelena,
|d 1944-
|4 aut
|9 133401
|
| 245 |
1 |
0 |
|a Jak likvidovat plísně
|c Jelena Paříková, Irena Kučerová
|
| 250 |
|
|
|a 1. vyd.
|
| 260 |
|
|
|a Praha
|b Grada
|c 2001
|
| 300 |
|
|
|a 86 s., [6] s. fareb. obr. príl.
|b ilustr.
|c 21 cm
|
| 490 |
1 |
|
|a Profi & hobby
|v 69
|
| 500 |
|
|
|a Reg.
|
| 504 |
|
|
|a Bibliogr. s. 65-71
|
| 650 |
0 |
7 |
|a plesne
|2 SNKPH
|9 3714
|
| 650 |
0 |
7 |
|a fungicídy
|2 SNKPH
|9 15201
|
| 650 |
0 |
7 |
|a dezinfekčné prípravky
|2 SNKPH
|9 68780
|
| 655 |
|
7 |
|a príručky
|2 SNKPH
|9 74364
|
| 700 |
1 |
|
|a Kučerová, Irena
|4 aut
|9 529603
|
| 830 |
|
0 |
|a Profi & hobby
|9 405586
|
| 919 |
|
|
|a 80-247-9029-7
|
| 999 |
|
|
|c 817251
|d 819181
|
| 952 |
|
|
|t P60, <04>, [BOOK], {604}
|a SNK
|b SNK
|y VYP
|7 0
|p 17A0405130
|o snkIC 131074
|i snkK 738/2003
|g 4.41
|0 0
|1 0
|4 0
|d 2004-01-30
|l 0
|r 2005-01-02 00:00:00
|w 2026-02-24
|